000 00796nas a2200265 4500
001 BR0800617
003 BR-BrBNA
005 20231205111523.0
007 ta
008 230509b bl.|||p| |||| 00| 00por d
040 _aBR-BrBNA
_bpor
_cBiblioteca Nacional de Agricultura
041 _a(Pt)
072 _aL40
100 1 _aOliveira, A. de
100 1 _aAzevedo, P.P. de
100 1 _aSilva, L.C.A. e
100 1 _aAlmeida, M. de
100 1 _aNeves, I.P.
245 1 _aAinda sobre o Plexus lumbosacralis no Felis catus domesticus, L., 1752: sobre a origem do N. Ischiaticus
650 _aGATO
650 _aANATOMIA ANIMAL
773 0 _tVeterinária (Brazil)
_x
_g(Jul-Dec 1962), v. 15(3-4) p. 28-36
_wBR0800617
909 _a202311
_bLúcia
_c55
_dLúcia Elande
942 _2AGRIS
_n0
_cANA
999 _c193153
_d193153